000 00689nam a22002057a 4500
003 OSt
005 20260304081234.0
008 260304b |||||||| |||| 00| 0 eng d
020 _a978-621-451-053-5
040 _aDWC-Admin lib
_cOC
082 _aFil. 371.9 G463f 2025
100 _aGil, Tyrone
245 _aFoundations of special and inclusive education /
_cTyrone Gil
260 _a Manila, Philippines:
_bLorimar Publishing Inc.,
_cc2025.
300 _axiv, 294 pages:
_billustrations;
_c25 cm.
504 _aIncludes bibliographical references
650 _a1. Inclusive education.
650 _a2. Special education -- study and teaching.
942 _2ddc
_cBK - FIL
_hFil.
_n0
999 _c8630
_d8630